| 000 | 00466nam a22001577a 4500 | ||
|---|---|---|---|
| 082 |
_a620.191 _bBOW _cL-16, P-56 |
||
| 100 |
_aBowles, Joseph E _938582 |
||
| 245 |
_aEngineering properties of soils and their measurement _cBowles, Joseph E |
||
| 250 | _a4th ed | ||
| 260 |
_aNJ _bMcGraw-Hill _c1992 |
||
| 300 |
_ax, 241 p, ; _bData sheets |
||
| 526 |
_a0 _b0 _c0 _d620_191000000000000_BOW |
||
| 650 |
_aMCE _9379 |
||
| 700 |
_aBowles, Joseph E _938582 |
||
| 942 |
_2ddc _cBK |
||
| 999 |
_c545141 _d545141 |
||